<?xml version="1.0" encoding="UTF-8"?><?xml-stylesheet type="text/xsl" href="static/style.xsl"?><OAI-PMH xmlns="http://www.openarchives.org/OAI/2.0/" xmlns:xsi="http://www.w3.org/2001/XMLSchema-instance" xsi:schemaLocation="http://www.openarchives.org/OAI/2.0/ http://www.openarchives.org/OAI/2.0/OAI-PMH.xsd"><responseDate>2026-06-01T10:35:14Z</responseDate><request verb="GetRecord" identifier="oai:riuma.uma.es:10630/35148" metadataPrefix="marc">https://riuma.uma.es/rest/oai/request</request><GetRecord><record><header><identifier>oai:riuma.uma.es:10630/35148</identifier><datestamp>2026-02-03T11:24:25Z</datestamp><setSpec>com_10630_2254</setSpec><setSpec>col_10630_37953</setSpec></header><metadata><record xmlns="http://www.loc.gov/MARC21/slim" xmlns:dcterms="http://purl.org/dc/terms/" xmlns:doc="http://www.lyncode.com/xoai" xmlns:xsi="http://www.w3.org/2001/XMLSchema-instance" xsi:schemaLocation="http://www.loc.gov/MARC21/slim http://www.loc.gov/standards/marcxml/schema/MARC21slim.xsd">
   <leader>00925njm 22002777a 4500</leader>
   <datafield ind2=" " ind1=" " tag="042">
      <subfield code="a">dc</subfield>
   </datafield>
   <datafield ind2=" " ind1=" " tag="720">
      <subfield code="a">Moniche Bermejo, Ana María</subfield>
      <subfield code="e">author</subfield>
   </datafield>
   <datafield ind2=" " ind1=" " tag="720">
      <subfield code="a">Gallego-Galán, Inmaculada</subfield>
      <subfield code="e">author</subfield>
   </datafield>
   <datafield ind2=" " ind1=" " tag="260">
      <subfield code="c">2022-01-05</subfield>
   </datafield>
   <datafield ind2=" " ind1=" " tag="520">
      <subfield code="a">To ensure effective management, tourism governments need tools that can measure tourism activities’ impacts on sustainable development. Systems of indicators are thus widely used in tourism sustainability management and need to find a balance between academic and professional perspectives. This research is a case study focused on a tool for monitoring regional government policies: the Andalusia System of Sustainable Tourism Development Indicators (SISTA). The system was developed by an interdisciplinary group of 15 experts from within the regional government and academia. We apply the institutional theory in the tourism public sector to study a process of deinstitutionalization to get insights on how actors within tourism management organizations can shape institutions. Our results demonstrate that policy actors’ participation enhances these systems’ usefulness, introducing the sustainability policy paradigm and raising awareness of the strategic uses of data to support policy decisions. On the other hand, challenges of policy actors’ participation are related to the mismatch between sustainability evolution and policy cycles, and from the difficulty of judging policy measures’ efficiency. This research will serve as a reference for other tourism destinations working on measuring system development with practical applications as well as for academia to integrate policy actors’ needs into theoretical approaches.</subfield>
   </datafield>
   <datafield ind1="8" ind2=" " tag="024">
      <subfield code="a">Moniche, A., &amp; Gallego, I. (2022). Benefits of policy actor embeddedness for sustainable tourism indicators’ design: the case of Andalusia. Journal of Sustainable Tourism, 31(7), 1756–1775.</subfield>
   </datafield>
   <datafield ind1="8" ind2=" " tag="024">
      <subfield code="a">https://hdl.handle.net/10630/35148</subfield>
   </datafield>
   <datafield ind1="8" ind2=" " tag="024">
      <subfield code="a">10.1080/09669582.2021.2024551</subfield>
   </datafield>
   <datafield tag="653" ind2=" " ind1=" ">
      <subfield code="a">Turismo - Planificación</subfield>
   </datafield>
   <datafield tag="653" ind2=" " ind1=" ">
      <subfield code="a">Turismo - Aspectos ambientales</subfield>
   </datafield>
   <datafield tag="653" ind2=" " ind1=" ">
      <subfield code="a">Economía ambiental</subfield>
   </datafield>
   <datafield ind2="0" ind1="0" tag="245">
      <subfield code="a">Benefits of policy actor embeddedness for sustainable tourism indicators’ design: the case of Andalusia.</subfield>
   </datafield>
</record>
</metadata></record></GetRecord></OAI-PMH>